| 000 | 00552nam a2200121Ia 4500 | ||
|---|---|---|---|
| 008 | 220620s9999||||xx |||||||||||||| ||und|| | ||
| 100 | _aMityushev, Vladimir||Nawalaniec, Wojciech||Rylko, Natalia | ||
| 245 | 0 | _aIntroduction to Mathematical Modeling and Computer Simulations | |
| 546 | _aEnglish[eng] | ||
| 650 | _aasymptotic methods||calculus||Natalia Rylko||numeric and symbolic computations||stochastic models||vector analysis||Wojciech Nawalaniec | ||
| 856 | _uhttps://library.oapen.org/bitstream/20.500.12657/54177/1/9781351998765.pdf | ||
| 942 | _cEB | ||
| 999 |
_c24559 _d24559 |
||